00258nam a22000857a 4500082001400000100002100014245007400035260004200109300002100151 a341.48101 aKhan, Zafarullah aHomo Dignita:bTheory and Practice of Human Rights /cZafarullah Khan aKarachi :bPakistan Law House,c2019. a686 p. ;c22 cm.